| Registos Bibliográficos associados ao registo de autoridade |
|
Etiqueta de registo: 00254nam 2200025 450 001 2287463 003 http://id.bnportugal.gov.pt/bib/catbnp/2287463 100 ## $a20260602d2025 k y0pory01030103ba 101 0# $apor$deng 102 ## $aPT 105 ## $aa m 000yy 106 ## $ar 200 1# $a A economia circular no âmbito do setor agroflorestal$ecaso de estudo em Angola$fOloiva Maria Tavira da Silva Sousa$gorient. José Tadeu Marques Aranha, Maria Raquel David Ferreira Ventura Lucas 210 #9 $aVila Real$c[s.n,],$d2025 215 ## $aXXI, 205 p.$cil.$d30 cm 328 #1 $aTese doutoramento Agronegócios e Sustentabilidade, Universidade de Trás-os-Montes
e Alto Douro, 2025 675 ## $a330.34(673)(043)$vBN$zpor$31343005 675 ## $a502.17(673)(043)$vBN$zpor$31323938 675 ## $a630*6(673)(043)$vBN$zpor$32002604 700 #1 $aSousa,$bOloiva Maria Tavira da Silva$32000006 702 #1 $aAranha,$bJosé Tadeu Marques$4727$3178389 702 #1 $aLucas,$bMaria Raquel David Ferreira Ventura $4727$32000009 801 #0 $aPT$bBN$gRPC 966 ## $lBN$mFGMON$x1 971 ## $cjbeatriz$d20260602 973 ## $cigoulao$d20260703
|
|
|